00554nam a22001937a 450000500170000000800410001702000180005804000210007604100080009708200130010510000240011824500760014225000160021826000340023430000100026865000300027870000250030870000270033320240216132521.0240216b ||||| |||| 00| 0 eng d a9789391527860 aIN-DiNCcIN-DiNC dasm a301bBOR aBora, Rajeneauthor aSamajtattwa parichay-II/cby Rajen Borah, Akhil Borah and Pankaj Boruah a1st nep ed. aJorhat:bBidya bhawan,c2024. a174p. aIntroduction to sociology aBorah, Akhileauthor aBoruah, Pankajeauthor